Nueva interpretación psicológica de dibujos de la figura humana

保存先:
書誌詳細
第一著者: Caligor, Leopoldo (著者)
フォーマット: 図書
言語:スペイン語
出版事項: Buenos Aires Kapelusz 1960
シリーズ:Biblioteca de Psicología Contemporánea, 2
主題:
タグ: タグ追加
タグなし, このレコードへの初めてのタグを付けませんか!

MARC

LEADER 00000cam a2200000 a 4500
001 UCG8376
003 CL-VaPUC
008 111202e19600000AG |||||||||||||||||spa|d
082 0 4 |a 158.1  |b CAL  |2 21 
100 0 |a Caligor, Leopoldo  |e author  |9 559389 
245 1 0 |a Nueva interpretación psicológica de dibujos de la figura humana 
300 |a 133 p 
942 |c BK 
945 |d 20111202 00:00:00  |a dcastane 
260 |a Buenos Aires  |b Kapelusz  |c 1960 
650 7 |a INTERPRETACION PSICOLOGICA  |2 CL-VaPUC  |9 549731 
650 0 |a Dibujos  |9 264123 
650 0 |a Figuras humanas   |9 489667 
650 0 |a Psicodiágnóstico  |9 312779 
650 7 |a TEST PSICOLOGICOS  |2 CL-VaPUC  |9 333478 
583 |a last modification  |c 20111202 14:14:00  |k Rodrigo Vera 
490 0 |a Biblioteca de Psicología Contemporánea, 2 
999 |c 345987  |d 345985 
952 |0 0  |1 0  |4 0  |6 158_100000000000000_CAL_1960  |7 0  |8 P  |9 446407  |a BIBEDU  |b BIBEDU  |c BIBEDU_PB  |d 2019-11-22  |i 4805224  |o 158.1 CAL 1960  |p 4805224  |r 2024-01-25  |w 2019-11-22  |y BK  |k EPE